MARC

Tag First Indicator Second Indicator Subfields
LEADER 00000cam a2200000 a 4500
001 in00000871813
005 20151019114033.0
008 870618s1987 couab f00000 eng d
010 |a gp 89001773  
035 |a (OCoLC)15995435 
035 |9 AEH8356AM 
040 |a RIN  |c RIN  |d m/c  |d GPO  |d UtOrBLW 
043 |a n-us--- 
074 |a 275-C 
086 0 |a C 55.219/2:22 
090 |a QC803  |b .U5 no. 22 
245 0 0 |a Solid earth geophysics data services /  |c National Geophysical Data Center. 
264 1 |a Boulder, Colo. :  |b U. S. Department of Commerce, National Oceanic and Atmospheric Administration, National Environmental Satellite, Data, and Information Service, National Geophysical Data Center,  |c [1987] 
300 |a 19 pages :  |b illustrations, maps ;  |c 28 cm. 
336 |a text  |b txt  |2 rdacontent 
337 |a unmediated  |b n  |2 rdamedia 
338 |a volume  |b nc  |2 rdacarrier 
490 1 |a Key to geophysical records documentation ;  |v no. 22 
500 |a Shipping list number: 88-143-P. 
500 |a "January 1987." 
610 2 0 |a National Geophysical Data Center. 
650 0 |a Geophysics  |x Information services  |z United States. 
710 2 |a National Geophysical Data Center. 
830 0 |a Key to geophysical records documentation ;  |v no. 22. 
999 |a MARS 
999 f f |s a984cb4e-a723-3dbf-95e8-d8d89b4c8d8d  |i a5d59c3d-ba2b-3349-a6a2-c3de49f127a7  |t 0 
952 f f |p normal  |a Texas A&M University  |b College Station  |c Sterling C. Evans Library  |d Evans: US Documents (Annex 5th floor)  |t 0  |e C 55.219/2:22  |h Superintendent of Documents classification  |i unmediated -- volume  |m A14838302221 
998 f f |a C 55.219/2:22  |t 0  |l Evans: US Documents (Annex 5th floor)